| 000 | 00580nam a2200157 i 4500 | ||
|---|---|---|---|
| 001 | 20500 | ||
| 003 | ES-MaACL | ||
| 005 | 20230906152320.0 | ||
| 007 | t| | ||
| 008 | 021113s1956 sp ||||1| eng d | ||
| 245 | 0 | 4 |
_aThe accession, coronation and marriage of Mary Tudor as related in four manuscripts of the Escorial / _ctranslated and published by C.V. Malfatti. |
| 260 |
_aBarcelona : _b[s.n., _c1956] ( _fSociedad Alianza de Artes Gráficas) |
||
| 300 |
_aXVIII, 164 p., 1 lám. : _bil. ; _c26 cm. |
||
| 700 | 1 |
_aMalfatti, C. V. _975760 |
|
| 852 |
_aES-MaACL _jC-12810 _bR.40191 |
||
| 999 |
_c20500 _d20500 |
||